Privatizácia STV 2
Z obsahu: V júni sa v parlamente stretnú dva protichodné návrhy na (ne)privatizáciu STV 2. Televízny trh na Slovensku môže postihnúť kolaps. Európsky parlament vyzýva na obranu verejnej televízie na kontinente. Za podpory ministerstva kultúry vzniká na Slovensku silný, politicky zameraný mediálny su...
Guardado en:
| Autor principal: | |
|---|---|
| Formato: | Capítulo de libro |
| Lenguaje: | eslovaco |
| Materias: | |
| Etiquetas: |
Sin Etiquetas, Sea el primero en etiquetar este registro!
|
MARC
| LEADER | 00000naa a2200000 4500 | ||
|---|---|---|---|
| 001 | r026418 | ||
| 005 | 20230921080343.6 | ||
| 041 | 0 | |a slo | |
| 044 | |a SK | ||
| 245 | 1 | 0 | |a Privatizácia STV 2 |c Eva Babitzová |
| 520 | |a Z obsahu: V júni sa v parlamente stretnú dva protichodné návrhy na (ne)privatizáciu STV 2. Televízny trh na Slovensku môže postihnúť kolaps. Európsky parlament vyzýva na obranu verejnej televízie na kontinente. Za podpory ministerstva kultúry vzniká na Slovensku silný, politicky zameraný mediálny subjekt. Prechod na satelitné vysielanie zhorší postavenie STV, najmä vo finančnej oblasti. | ||
| 610 | 2 | 0 | |a privatizácia |
| 610 | 2 | 0 | |a televízia |
| 610 | 2 | 0 | |a STV 2 |
| 610 | 2 | 0 | |a médiá |
| 610 | 2 | 0 | |a financie |
| 610 | 2 | 0 | |a Slovensko |
| 610 | 2 | 0 | |a Európa |
| 100 | 1 | |a Babitzová, Eva | |